| 000 | 01263cam a2200385 4500 | ||
|---|---|---|---|
| 001 | 22837 | ||
| 003 | SK-KTurca | ||
| 005 | 20260429113953.0 | ||
| 008 | 200507s2018 xo gr 010 jdslo | ||
| 015 | _aSNBA2019/05 | ||
| 020 |
_a9788056902097 _q(viazané) |
||
| 035 | _aurn:nbn:sk:snk-am00dya5 | ||
| 035 | _aurn:nbn:sk:snk-am3i9by | ||
| 035 | _a47FDF0A6-90B4-40D8-B2E3-EAAEAFB6320A | ||
| 038 | _aPPPK | ||
| 040 |
_aPPPK _bslo _cPPPK _dSNK _erda |
||
| 041 | 0 | _aslo | |
| 044 |
_axo _cSK |
||
| 072 | 7 |
_a821.162.4-3 _xSlovenská próza _2konspekt |
|
| 080 |
_a821.162.4-32 _22011 |
||
| 100 | 1 |
_aHlavatá, Dana, _d1957- _4aut |
|
| 245 | 1 | 0 |
_aKreatúra _b6 príbehov podľa skutočnosti s pridaním fantázie autorky _cDana Hlavatá |
| 250 | _aVydanie prvé | ||
| 264 | 1 |
_aBratislava _bMarenčin PT _c2018 |
|
| 300 |
_a157 strán _c21 cm |
||
| 336 |
_atext _btxt _2rdacontent |
||
| 337 |
_abez média _bn _2rdamedia |
||
| 338 |
_azväzok _bnc _2rdacarrier |
||
| 500 | _aObsahuje biografické informácie o autorke na prebale publikácie | ||
| 655 | 7 |
_aslovenské príbehy _2SNKPH |
|
| 655 | 7 |
_aSlovak stories _2SNKPHeng |
|
| 942 |
_2ddc _cKLDO _n0 |
||
| 999 |
_c22837 _d22837 |
||